Obecná chirurgie

Saved in:
Bibliographic Details
Main Authors Vávra, Petr, 1966- (Author), Dostalík, Jan, 1944- (Author)
Corporate Author Ostravská univerzita. Fakulta zdravotnických studií
Format Book
LanguageCzech
Published Ostrava : Ostravská univerzita v Ostravě, Fakulta zdravotnických studií, 2009
Edition1. vyd.
Subjects
ISBN9788073686703
Physical Description146 s. : il. ; 30 cm

Cover

LEADER 00000nam a2200000 a 4500
001 54337
003 CZ-ZlUTB
005 20190826002037.0
008 091208s2009 xr a f 000 0 cze d
020 |a 9788073686703  |q (brož.) 
040 |a ZLD002  |b cze 
072 7 |a 617  |x Ortopedie. Chirurgie. Oftalmologie  |2 Konspekt  |9 14 
072 7 |a 37.016  |x Učební osnovy. Vyučovací předměty. Učebnice  |2 Konspekt  |9 22 
080 |a 617-089.1  |2 MRF 
080 |a (075.8)  |2 MRF 
100 1 |a Vávra, Petr,  |d 1966-  |7 xx0070893  |4 aut 
245 1 0 |a Obecná chirurgie /  |c Petr Vávra, Jan Dostalík 
250 |a 1. vyd. 
260 |a Ostrava :  |b Ostravská univerzita v Ostravě, Fakulta zdravotnických studií,  |c 2009 
300 |a 146 s. :  |b il. ;  |c 30 cm 
500 |a Nad názvem: Ostravská univerzita v Ostravě, Fakulta zdravotnických studií 
504 |a Obsahuje bibliografie 
521 |a Studenty bakalářských oborů FZS OU 
650 0 7 |a obecná chirurgie  |7 ph292618  |2 czenas 
650 0 9 |a general surgery  |2 eczenas 
655 7 |a učebnice vysokých škol  |7 fd133772  |2 czenas 
655 9 |a textbooks (higher)  |2 eczenas 
700 1 |a Dostalík, Jan,  |d 1944-  |7 xx0032232  |4 aut 
710 2 |a Ostravská univerzita.  |b Fakulta zdravotnických studií  |7 ko2008468411 
910 |a ZLD002 
952 |0 0  |1 0  |4 0  |6 S61VÁVRAP  |7 0  |8 BOOK  |9 99376  |a UTBZL  |b UTBZL  |c 006  |d 2009-12-08  |l 0  |o S61/VÁVRA,P.  |p 420010129121  |r 2019-08-26 00:00:00  |v 180.00  |w 2019-08-26  |x N:nákup; | 20100831  |y 04 
952 |0 0  |1 0  |4 0  |6 S61VÁVRAP  |7 0  |8 BOOK  |9 99377  |a UTBZL  |b UTBZL  |c 006  |d 2009-12-08  |l 21  |m 2  |o S61/VÁVRA,P.  |p 420010129122  |r 2024-06-26 00:00:00  |s 2024-04-17  |v 180.00  |w 2019-08-26  |x N:nákup; | 20100831  |y 04 
992 |a BK  |b SK  |d 18 
999 |c 54337  |d 54337